Statistics for McDonald's or Burger King - Click Quiz

Click here to take the quiz!

General Stats

  • This quiz has been taken 215 times
  • The average score is 15 of 20

Answer Stats

HintAnswer% Correct
Big King
93%
Bacon King
91%
Big Mac
91%
Happy Meal
91%
Whopper
89%
Filet-O-Fish
88%
Rodeo Burger
86%
Apple Slices
83%
Quarter Pounder
83%
Chicken Fries
81%
Hot Caramel Sundae
75%
Diet Barq's
74%
Big Fish
69%
HERSHEY'S Sundae Pie
69%
Mozzarella Sticks
68%
Hotcakes and Sausage
66%
Bacon, Egg and Cheese Biscuit
63%
Minute Maid Lemonade
51%
Sausage Burrito
46%
Tangy Baberque Sauce
46%

Score Distribution

Percentile by Number Answered

Percent of People with Each Score

Your Score History

You have not taken this quiz